Preparation of nano zinc oxide, its characterisation and use in styrene butadiene rubber (Record no. 65608)

MARC details
000 -LEADER
fixed length control field 01248nam a2200205Ia 4500
100 ## - MAIN ENTRY--AUTHOR NAME
Personal name Sabura Begum P M
245 #0 - TITLE STATEMENT
Title Preparation of nano zinc oxide, its characterisation and use in styrene butadiene rubber
260 ## - PUBLICATION, DISTRIBUTION, ETC. (IMPRINT)
Name of publisher Journal of Rubber Research
Year of publication 2011
300 ## - PHYSICAL DESCRIPTION
Number of Pages 65-77
500 ## - GENERAL NOTE
General note Source Year: 2011
520 ## - SUMMARY, ETC.
Summary, etc Zinc oxide (ZnO) of nanometer particle size was prepared by precipitation and solid state pyrolytic method. TEM, XRD and the surface area studies showed that zinc oxide prepared in the laboratory has a particle size in the nanometer range and a high surface area. This nano zinc oxide was used as an activator in non-polar synthetic rubber compounds. The cure characteristics and mechanical properties were compared with that containing conventional zinc oxide. It is found that a low dosage of zinc oxide was enough to give equivalent curing and mechanical properties compared to the one containing a higher dosage of conventional zinc oxide.
650 ## - SUBJECT ADDED ENTRY--TOPICAL TERM
Topical Term Nano zinc oxide
650 ## - SUBJECT ADDED ENTRY--TOPICAL TERM
Topical Term Precipitation method
650 ## - SUBJECT ADDED ENTRY--TOPICAL TERM
Topical Term Soil state pyrolytic method
650 ## - SUBJECT ADDED ENTRY--TOPICAL TERM
Topical Term Styrene butadiene rubber
700 ## - ADDED ENTRY--PERSONAL NAME
Personal name Mohammed Yusuff K K
700 ## - ADDED ENTRY--PERSONAL NAME
Personal name Rani Joseph
942 ## - ADDED ENTRY ELEMENTS (KOHA)
Koha item type Journals
Holdings
Withdrawn status Lost status Damaged status Not for loan Home library Current library Shelving location Date acquired Serial Enumeration / chronology Koha item type
      Journals RRII Library RRII Library Rubber technology 04/10/2011 Volume 14, Issue 2 Journals